MARC

LEADER 00000nam0a2200000 4500
001 71307
005 20231031082522.0
035 |a (RuTPU)RU\TPU\book\75913 
090 |a 71307 
100 |a 20041214d1955 km y0rusy50 ca 
101 0 |a rus 
102 |a RU 
105 |a y z 001zy 
200 1 |a Асимптотические методы в теории нелинейных колебаний  |f Н. Н. Боголюбов, Ю. А. Митропольский 
210 |a Москва  |c Изд-во технико-теоретической литературы  |d 1955 
215 |a 447 с. 
320 |a Библиогр.: с. 445-447. 
610 1 |a физика 
610 1 |a нелинейные колебания 
610 1 |a асимптотические методы 
610 1 |a теория 
675 |a 534  |v 3 
700 1 |a Боголюбов  |b Н. Н.  |g Николай Николаевич 
701 1 |a Митропольский  |b Ю. А. 
801 1 |a RU  |b 63413507  |c 20041214  |g PSBO 
801 2 |a RU  |b 63413507  |c 20150914  |g PSBO 
942 |c BK